Le désir et les dieux / (Registro nro. 196387)

Detalles MARC
000 -LEADER
campo de control de longitud fija 01639nam a2200481 i 4500
001 - NÚMERO DE CONTROL
campo de control 196387
003 - IDENTIFICADOR DE NÚMERO DE CONTROL
campo de control ES-MaACL
005 - FECHA Y HORA DE LA ÚLTIMA TRANSACCIÓN
campo de control 20250812024136.0
007 - CAMPO FIJO DE DESCRIPCIÓN FÍSICA--INFORMACIÓN GENERAL
campo de control de longitud fija ta
008 - DATOS DE LONGITUD FIJA--INFORMACIÓN GENERAL
campo de control de longitud fija 240920t20142014fr a frb 000 0 fre d
020 ## - NÚMERO INTERNACIONAL ESTÁNDAR DEL LIBRO
Número Internacional Estándar del Libro 9782081329904
024 30 - IDENTIFICADOR DE OTROS ESTÁNDARES
Número estándar o código 9782081329904
035 ## - NÚMERO DE CONTROL DEL SISTEMA
Número de control de sistema (OCoLC)892910985
035 ## - NÚMERO DE CONTROL DEL SISTEMA
Número de control de sistema 934890
035 ## - NÚMERO DE CONTROL DEL SISTEMA
Número de control de sistema 18115918X
040 ## - FUENTE DE CATALOGACIÓN
Centro catalogador/agencia de origen ABES
Lengua de catalogación fre
Normas de descripción AFNOR
Centro/agencia transcriptor ES-MaACL
Centro/agencia modificador ES-MaACL
041 0# - CÓDIGO DE IDIOMA
Fuente del código 639-2
050 #4 - SIGNATURA TOPOGRÁFICA DE LA BIBLIOTECA DEL CONGRESO
Número de clasificación N7760
Número de ítem .F76x 2014
082 0# - NÚMERO DE LA CLASIFICACIÓN DECIMAL DEWEY
Número de clasificación 753
Número de edición 22
082 0# - NÚMERO DE LA CLASIFICACIÓN DECIMAL DEWEY
Número de clasificación 753
Número de edición 14
084 ## - OTRO NÚMERO DE CLASIFICACIÓN
Número de clasificación 750.
Fuente del número DEWBSG
100 ## - ENTRADA PRINCIPAL--NOMBRE DE PERSONA
Nombre de persona Frontisi-Ducroux, Françoise
9 (RLIN) 238847
245 13 - MENCIÓN DEL TÍTULO
Título Le désir et les dieux /
Mención de responsabilidad, etc. Françoise Frontisi-Ducroux, Yves Bonnefoy, Jérôme Delaplanche.
264 #1 - PRODUCCIÓN, PUBLICACIÓN, DISTRIBUCIÓN, FABRICACIÓN Y COPYRIGHT
Producción, publicación, distribución, fabricación y copyright Paris :
Nombre del de productor, editor, distribuidor, fabricante Flammarion,
Fecha de producción, publicación, distribución, fabricación o copyright DL 2014.
300 ## - DESCRIPCIÓN FÍSICA
Extensión 255 p. ;
Dimensiones 26 cm.
336 ## - TIPO DE CONTENIDO
Código de tipo de contenido txt
Fuente rdacontent
Término de tipo de contenido texto
337 ## - TIPO DE MEDIO
Código del tipo de medio n
Fuente rdamedia
Nombre/término del tipo de medio sin mediación
337 ## - TIPO DE MEDIO
Código del tipo de medio n
Fuente isbdmedia
Nombre/término del tipo de medio sin mediación
338 ## - TIPO DE SOPORTE
Código del tipo de soporte nga
Fuente RDAfrCarrier
Nombre/término del tipo de soporte volumen
504 ## - NOTA DE BIBLIOGRAFÍA, ETC.
Nota de bibliografía, etc. Bibliogr. p. 249-250.
650 #4 - PUNTO DE ACCESO ADICIONAL DE MATERIA--TÉRMINO DE MATERIA
Término de materia o nombre geográfico como elemento de entrada Arte-
Subdivisión de forma Historia
9 (RLIN) 10107
650 #7 - PUNTO DE ACCESO ADICIONAL DE MATERIA--TÉRMINO DE MATERIA
Término de materia o nombre geográfico como elemento de entrada Deseo
Subdivisión general En el arte
9 (RLIN) 239111
650 #4 - PUNTO DE ACCESO ADICIONAL DE MATERIA--TÉRMINO DE MATERIA
Término de materia o nombre geográfico como elemento de entrada Mitología clásica
9 (RLIN) 15099
650 #7 - PUNTO DE ACCESO ADICIONAL DE MATERIA--TÉRMINO DE MATERIA
Término de materia o nombre geográfico como elemento de entrada Arte erótico
Fuente del encabezamiento o término embne
9 (RLIN) 158969
700 0# - ENTRADA AGREGADA--NOMBRE PERSONAL
Número de control del registro de autoridad o número normalizado (IdRef)026738198
URI de un objeto del mundo real http://www.idref.fr/026738198/id
Nombre de persona Bonnefoy, Yves
9 (RLIN) 30246
700 1# - ENTRADA AGREGADA--NOMBRE PERSONAL
Nombre de persona Delaplanche, Jérôme
Relación aut.
9 (RLIN) 238852
852 ## - LOCALIZACIÓN
Ubicación ES-MaACL
Ubicación en estantería Depósito 1
Donativo/Legado Donación: José Manuel Duarte Cendán
itemnumber 204085
Número de control de estantería A-15426
903 ## - NOMBRE PERSONAL DE DONANTE
9 238529
a Duarte Cendán, José Manuel
q 1
e Donante
942 ## - ELEMENTOS DE ENTRADA SECUNDARIOS (KOHA)
Suprimir en OPAC No
Tipo de ítem Koha Libro impreso
Existencias
Estatus retirado Estado de pérdida Fuente del sistema de clasificación o colocación Estado de daño No para préstamo Biblioteca de origen Biblioteca actual Ubicación en estantería Fecha de adquisición Fuente de adquisición Total de préstamos Signatura topográfica completa Código de barras Visto por última vez Precio de reemplazo Tipo de ítem Koha
    Clasificación decimal universal     Biblioteca del Ateneo de Madrid Biblioteca del Ateneo de Madrid Depósito 1 20/09/2024 Donación   A-15426 101228883 20/09/2024 20/09/2024 Libro impreso